000 00256nam a22001217a 4500
008 170621b xxu||||| |||| 00| 0 eng d
041 _aeng
080 _a94
100 _a18
101 _aSHP
245 _aCONFRONTING WAR
_cGLOSSOP/R/J
942 _2udc
_cBK
999 _c18416
_d18416